| 000 | 00702nam a2200265Ia 4500 | ||
|---|---|---|---|
| 005 | 20240104114752.0 | ||
| 008 | 131103s9999 xx 000 0 und d | ||
| 040 | _aLoreto College | ||
| 041 | _aEnglish | ||
| 082 |
_a894.811 _bBHA |
||
| 100 | _aNandakumar,Prema | ||
| 245 |
_aBharati, _cPrema Nandakumar |
||
| 250 | _a2nd ed. | ||
| 260 |
_aNew Delhi _bSahitya Akademi _c1981 |
||
| 300 | _a80 p. | ||
| 440 | _aMakers Of Indian Literature | ||
| 504 | _aIncludes bibliographical references | ||
| 630 | _aCriticism and Interpretation | ||
| 630 | _aTamil Literature | ||
| 630 | _aTamil Poetry | ||
| 650 | _aBarati,Subramania | ||
| 651 | _a1882 - 1921 | ||
| 850 | _aLCLIB | ||
| 942 | _cBK | ||
| 999 |
_c13531 _d64010 |
||